|
|
|
|
| LEADER |
00862cam a2200229 7i4500 |
| 001 |
0000002399 |
| 005 |
20191009090000.0 |
| 020 |
|
|
|a 9780070266919
|
| 020 |
|
|
|a 0070266913 (hbk.)
|
| 090 |
0 |
0 |
|a TK7874
|b .H93 1995
|
| 245 |
0 |
0 |
|a Hybrid microelectronics handbook
|c [edited by] Jerry E. Sergent, Charles A. Harper.
|
| 250 |
|
|
|a 2nd ed.
|
| 260 |
|
|
|a New York:
|b McGraw-Hill,
|c 1995.
|
| 300 |
|
|
|a 1 v.(various pagings):
|b ill.;
|c 25 cm.
|
| 490 |
0 |
|
|a Electronic packaging and interconnection series
|
| 504 |
|
|
|a Includes bibliographical references and index
|
| 650 |
0 |
0 |
|a Microelectronics
|
| 650 |
0 |
0 |
|a Hybrid integrated circuits --
|x Design and construction
|
| 700 |
1 |
|
|a Harper, Charles A.
|
| 700 |
1 |
|
|a Sergent, Jerry E.
|
| 997 |
|
|
|a Engineering & Life Sciences, Faculty
|b Engineering, Department
|
| 999 |
|
|
|a 0000001252
|b BOK
|c REFERENCE
|e Ground Floor, Bestari Jaya
|